Derecho, reglas y teoría de los actos de habla /

Bibliographic Details
Other Authors: Ortega Gomero, Santiago (Editor, Translator), Arguello Saltos, Joselito (Editor), Hernández Díaz, Carlos Arturo (Editor)
Format: Electronic eBook
Language:Spanish
Published: Santiago, Chile : Quito, Ecuador : Guayaquil, Ecuador : Lima, Perú : Ediciones Olejnik ; Corte Constitucional del Ecuador ; Colegio de Abogados del Guayas ; Universidad Privada de Telesup, [2017]
Series:Biblioteca teoría jurídica contemporánea.
Subjects:
Online Access:Digitalia Hispánica

MARC

LEADER 00000nam a2200000Ii 4500
001 DIGOLEJNK1124
003 NyNyDIG
006 m o d
007 cr |||||||||||
008 221112s2017 cl ob 000 0 spa d
035 |a (OCoLC)1352725021 
040 |a DGITA  |b eng  |e rda  |e pn  |c DGITA 
020 |z 9789563920581 
050 1 4 |a K212 ebook 
245 0 0 |a Derecho, reglas y teoría de los actos de habla /  |c Santiago Ortega Gomero, Joselito Arguello Saltos, Carlos Arturo Hernández, editores ; Santiago Ortega Gomero, traductor. 
264 1 |a Santiago, Chile :  |b Ediciones Olejnik ;  |a Quito, Ecuador :  |b Corte Constitucional del Ecuador ;  |a Guayaquil, Ecuador :  |b Colegio de Abogados del Guayas ;  |a Lima, Perú :  |b Universidad Privada de Telesup,  |c [2017]  
300 |a 1 online resource. 
336 |a text  |b txt  |2 rdacontent 
337 |a computer  |b c  |2 rdamedia 
338 |a online resource  |b cr  |2 rdacarrier 
347 |a text file  |2 rdaft 
347 |b PDF 
490 1 |a Biblioteca teoría jurídica contemporánea  
504 |a Includes bibliographical references. 
588 0 |a Online resource; title from PDF title page (Digitalia, viewed November 12, 2022) 
650 0 |a Law  |x Language. 
650 0 |a Law  |x Methodology. 
650 0 |a Law  |x Philosophy. 
655 0 |a Electronic books. 
700 1 |a Ortega Gomero, Santiago,  |e editor,  |e translator. 
700 1 |a Arguello Saltos, Joselito,  |e editor. 
700 1 |a Hernández Díaz, Carlos Arturo,  |e editor. 
791 2 |a Digitalia (Firm),  |e distributor. 
793 0 |g Digitalia eBook Collection:  |a Ediciones Olejnik 
776 0 8 |i Print version:  |t Derecho, reglas y teoría de los actos de habla.  |b Primera edición.  |d Santiago, Chile : Ediciones Olejnik ; Quito, Ecuador : Corte Constitucional del Ecuador ; Guayaquil, Ecuador : Colegio de Abogados del Guayas ; Lima, Perú : Universidad Privada de Telesup, 2017  |z 9789563920581 
830 0 |a Biblioteca teoría jurídica contemporánea.  
856 4 0 |3 Digitalia Hispánica  |u https://www.digitaliapublishing.com/a/105286/ 
910 |a Premium collection: 2022